000 00715nam a2200217Ia 4500
001 16863
003 GE_BSU
008 181216s||||||||xx |||||||||||||| ||und||
040 _cGE_BSU
080 _a821.353.1-2
100 _aბუხნიკაშვილი, გუგული
245 _aსაქართველოს ოქტომბერი
245 _bაგიტ-მიმოხილვა 3 მოქ.
245 _cრედ.-პ. სამსონიძე
260 _aთბილისი
260 _bფედერაცია
260 _c1936
300 _a55გვ. ; 19სმ.
653 _aსაქართველოს ოქტომბერი
942 _cBK
999 _c49927
_d49927